وصفى التل: (Record no. 13922)
[ view plain ]
| 000 -LEADER | |
|---|---|
| fixed length control field | 00755nam a22001577a 4500 |
| 008 - FIXED-LENGTH DATA ELEMENTS--GENERAL INFORMATION | |
| fixed length control field | 100421t xxu||||| |||| 00| 0 eng d |
| 082 ## - DEWEY DECIMAL CLASSIFICATION NUMBER | |
| Edition number | 21 |
| Classification number | 364.95 |
| Item number | ر ض ا |
| 100 ## - MAIN ENTRY--PERSONAL NAME | |
| 9 (RLIN) | 13643 |
| Personal name | رضا, عادل |
| 245 ## - TITLE STATEMENT | |
| Title | وصفى التل: |
| Remainder of title | القاتل و القتيل: الأغتيال فى الفكر القانونى والسياسى / |
| Statement of responsibility, etc | عادل رضا |
| 260 ## - PUBLICATION, DISTRIBUTION, ETC. (IMPRINT) | |
| Place of publication, distribution, etc | القاهرة؛ |
| -- | بيروت : |
| Name of publisher, distributor, etc | هيردوت , |
| Date of publication, distribution, etc | س.1972. |
| 300 ## - PHYSICAL DESCRIPTION | |
| Extent | 511 ص, |
| Dimensions | 21 سم. |
| 650 ## - SUBJECT ADDED ENTRY--TOPICAL TERM | |
| 9 (RLIN) | 13645 |
| Topical term or geographic name as entry element | التل, وصفى - 1919-1971 |
| 650 ## - SUBJECT ADDED ENTRY--TOPICAL TERM | |
| 9 (RLIN) | 13644 |
| Topical term or geographic name as entry element | الإغتيال السياسى - تاريخ |
| 942 ## - ADDED ENTRY ELEMENTS (KOHA) | |
| Source of classification or shelving scheme | Dewey Decimal Classification |
| Item type | Book - Borrowing |
| Withdrawn status | Item status | Source of classification or shelving scheme | Damaged status | Not for loan | Vendor | Home library | Current library | Shelving location | Date acquired | Source of acquisition | Total Checkouts | Full call number | Barcode | Date last seen | Koha item type |
|---|---|---|---|---|---|---|---|---|---|---|---|---|---|---|---|
| Dewey Decimal Classification | Central Library | Central Library | First floor | 21/04/2010 | 364.95 رضا | 000020449 | 15/07/2025 | Book - Borrowing |